Estudi dels efectes econòmics i socials dels túnels de Vallvidrera / Pere Riera i Micaló ... [et al.] ; pròleg a càrrec de Juan Hernández Puértolas
Descripción Física:
161 p. : fot., taules ; 30 cm
MARC
| LEADER | 00000nam a2200000Ia 4500 | ||
|---|---|---|---|
| 001 | 19322 | ||
| 003 | BGR | ||
| 005 | 20260324180110.0 | ||
| 008 | 160829s1997 xx 000 0 cat d | ||
| 080 | |a C-2-523 | ||
| 245 | |a Estudi dels efectes econòmics i socials dels túnels de Vallvidrera / Pere Riera i Micaló ... [et al.] ; pròleg a càrrec de Juan Hernández Puértolas | ||
| 260 | |a Barcelona : |b Tabasa, |c 1997 | ||
| 300 | |a 161 p. : |b fot., taules ; |c 30 cm | ||
| 590 | |a Bibliografia. | ||
| 590 | |a A la contracoberta: Llibre realitzat per l'Institut Universitari d'Estudis Europeus de la Universitat Autònoma de Barcelona | ||
| 650 | |a Túnels |x Vallvidrera (Barcelona) |x Aspectes socials |9 46271 | ||
| 650 | |a Túnels |x Vallvidrera (Barcelona) |x Aspectes econòmics |9 46272 | ||
| 650 | |a Obres públiques |x Barcelona (Província) |x Aspectes econòmics I |9 46273 | ||
| 650 | |a Obres públiques |x Barcelona (Província) |x Aspectes socials |9 46274 | ||
| 700 | |a Riera, Pere |9 43014 | ||
| 700 | 1 | |a Hernández Puértolas, Juan |9 46276 | |
| 710 | |a Institut Universitari d'Estudis Europeus |9 57868 | ||
| 901 | |a Arxiu | ||
| 942 | |n 1 |2 udc |c MON | ||
| 952 | |0 0 |1 0 |4 0 |6 C2523 |7 1 |9 53125 |a Arxiu |b Arxiu |d 2016-12-01 |l 0 |o C-2-523 |p 19322 |r 2016-12-01 00:00:00 |w 2016-12-01 |y ARXIU | ||
| 999 | |c 56974 |d 56974 | ||